000
00292nam a2200121Ia 4500
008
190723s9999 xx 000 0 und d
020
_a
978-1-118-12236-5
100
_a
Ann Brockett
245
0
_a
Corporate Sustainabiltiy
260
_a
New jersey
_b
Wiley
_c
2012
300
_a
316.:p
942
_c
BK
999
_c
1675
_d
1675